Things in Other Words II Quiz Stats

 Plays Quiz Updated Mar 28, 2012

Challenge
Share
Tweet
Embed
Score 0/63 Timer 15:00
2 Plays Today
% Correct
Life
86.4%
Operation
86.4%
Twins
86.2%
Cubs
84.7%
pie
83.8%
Milky Way
81.4%
swallow
80.1%
Bush
79.8%
sundae
78%
Reds
77.7%
Royals
77.4%
crane
76.4%
china
76.2%
Old Maid
69.9%
Yellowstone
69.5%
fork
68.5%
cardinal
67.7%
White Sox
66.2%
Friday
65.4%
kite
63.8%
Grand Canyon
63.5%
cabinet
60.8%
Taylor
60.5%
baked Alaska
60.3%
Gummi Bears
60.3%
poker
59%
pot
57.7%
apple cobbler
55%
Hot Springs
54.6%
Washington
53.3%
Padres
53%
Napoleon
51.1%
% Correct
cuckoo
50.4%
Death Valley
49.5%
3 Musketeers
49%
Jelly Belly
48.6%
Ford
47.2%
Pierce
46.1%
Badlands
46%
sink
45.5%
Lone Ranger
44.9%
White Rabbit
43.3%
Frankenstein
39.7%
Battleship
39.6%
Petrified Forest
39.1%
Snickers
39%
duck
38.5%
Truman
36.8%
Harry Potter
30.9%
swift
29.9%
range
28.7%
Grant
27.1%
Dodgers
27%
Tom Sawyer
26.9%
Big Bend
24.9%
Taboo
24.6%
Wonder Woman
24.3%
Apples to Apples
15.7%
microwave
14.2%
trifle
13%
Chunky
10.3%
Skittles
10.2%
brownie
5.5%

You're not logged in!

Compare scores with friends on all Sporcle quizzes.
Join for Free
OR
Log In

You Might Also Like...

Show Comments

Extras

Top Quizzes Today


Score Distribution

Your Account Isn't Verified!

In order to create a playlist on Sporcle, you need to verify the email address you used during registration. Go to your Sporcle Settings to finish the process.

Report this User

Report this user for behavior that violates our Community Guidelines.

Details: